| 000 | 01407cam a22003614a 4500 | ||
|---|---|---|---|
| 001 | 14622381 | ||
| 003 | OSt | ||
| 005 | 20220107114751.0 | ||
| 008 | 061103s2007 njua b 001 0 eng | ||
| 010 | _a 2006052155 | ||
| 020 | _a0470017678 | ||
| 038 | _akhadija | ||
| 040 |
_aDLC _cDLC _dDLC |
||
| 050 | 0 | 0 |
_aQP301 _b.B478 2007 |
| 082 | 0 | 0 |
_a612.76 _222 _bBIO |
| 100 |
_aBenno M. Nigg _987467 |
||
| 245 | 0 | 0 |
_aBiomechanics of the Musculo-skeletal System / _cBenno M. Nigg, Walter Herzog, editors. |
| 250 | _a3rd ed. | ||
| 260 |
_aNew Jersey : _bJohn Wiley & Sons, _c2007. |
||
| 300 |
_axiii, 672 p. : _bill. ; _c26 cm. |
||
| 504 | _aIncludes bibliographical references and index. | ||
| 563 | _ahard cover | ||
| 650 | 0 |
_aBiomechanics. _9994 |
|
| 650 | 0 |
_aMusculoskeletal system. _987468 |
|
| 700 | 1 |
_aNigg, Benno Maurus. _987469 |
|
| 700 | 1 |
_aHerzog, W. _q(Walter), _d1955- _981223 |
|
| 856 | 4 | 2 |
_3Contributor biographical information _uhttp://www.loc.gov/catdir/enhancements/fy0826/2006052155-b.html |
| 856 | 4 | 2 |
_3Publisher description _uhttp://www.loc.gov/catdir/enhancements/fy0826/2006052155-d.html |
| 856 | 4 | 1 |
_3Table of contents only _uhttp://www.loc.gov/catdir/enhancements/fy0826/2006052155-t.html |
| 906 |
_a7 _bcbc _corignew _d1 _eocip _f20 _gy-gencatlg |
||
| 942 |
_2ddc _cBK |
||
| 999 |
_c32344 _d32344 |
||